The Random House Encyclopedia of Antiques (Record no. 4930)

MARC details
000 -CABECERA
campo de control de longitud fija 00774nam a2200241 a 4500
001 - NÚMERO DE CONTROL
campo de control BRCA_5236
005 - FECHA Y HORA DE LA ÚLTIMA TRANSACCIÓN
campo de control 20190320205010.0
008 - DATOS DE LONGITUD FIJA--INFORMACIÓN GENERAL
campo de control de longitud fija 730523s1973 nyua#####b---#000-0#eng-#
020 ## - NÚMERO INTERNACIONAL ESTÁNDAR DEL LIBRO
Número Internacional Estándar del Libro 0394488113
041 ## - CÓDIGO DE LENGUA
Código de lengua del texto/banda sonora o título independiente eng
044 ## - CÓDIGO DEL PAÍS DE LA ENTIDAD EDITORA/PRODUCTORA
Código MARC del país nyu
050 #4 - SIGNATURA TOPOGRÁFICA DE LA BIBLIOTECA DEL CONGRESO
Número de clasificación NK1125
Número de documento/Ítem .R35 1973
245 10 - MENCIÓN DE TÍTULO
Título The Random House Encyclopedia of Antiques
Mención de responsabilidad, etc. introduction by John Pope-Hennessy.
260 ## - PUBLICACIÓN, DISTRIBUCIÓN, ETC.
Lugar de publicación, distribución, etc. Nueva York
Nombre del editor, distribuidor, etc. Random House
Fecha de publicación, distribución, etc. 1973
300 ## - DESCRIPCIÓN FÍSICA
Extensión 400 p.
Otras características físicas il. (algunas a color), mapas
Dimensiones 28 cm.
500 ## - NOTA GENERAL
Nota general Donación Dr. Héctor Rivero Borrell Vázquez
504 ## - NOTA DE BIBLIOGRAFÍA, ETC.
Nota de bibliografía, etc. Bibliografía: p. [391]-398.
650 14 - PUNTO DE ACCESO ADICIONAL DE MATERIA--TÉRMINO DE MATERIA
Término de materia o nombre geográfico como elemento de entrada Antigüedades
Subdivisión de forma Diccionarios
9 (RLIN) 13413
650 14 - PUNTO DE ACCESO ADICIONAL DE MATERIA--TÉRMINO DE MATERIA
Término de materia o nombre geográfico como elemento de entrada Objetos de arte
Subdivisión general Coleccionistas y colecciones
9 (RLIN) 13414
700 1# - PUNTO DE ACCESO ADICIONAL--NOMBRE DE PERSONA
Nombre de persona Pope-Hennessy, John
9 (RLIN) 13415
902 ## - CATALOGADOR
Iniciales DHR
942 ## - ELEMENTOS DE PUNTO DE ACCESO ADICIONAL (KOHA)
Fuente del sistema de clasificación o colocación Library of Congress Classification
Tipo de ítem Koha Libros
Holdings
Estado de retiro Estado de pérdida Estado dañado No para préstamo Localización permanente Ubicación/localización actual Fecha de adquisición Total de préstamos Signatura topográfica completa Código de barras Fecha visto por última vez Precio válido a partir de Tipo de ítem Koha
El ejemplar forma parte de la colección y puede ser consultado según las políticas vigentes.       Biblioteca del Museo Franz Mayer (Rogerio Casas-Alatriste) Biblioteca del Museo Franz Mayer (Rogerio Casas-Alatriste) 29/11/2010   NK1125 .R35 1973 DHR00027 22/03/2019 22/03/2019 Libros